00351nam a2200073Ia 4500008004100000245005100041300015100092650003400243180130s9999 xx 000 0 und d 4aThe radical and tragic vision of Wilhelm Reich aBook title: Somatic experience in psychoanalysis and psychotherapy : in the expressive language of the living--Acession number C20994; pages 19-32 aPSYCHOANALYSIS, PSYCHOTHERAPY